[Event "HEM A-Turnier"]
[Site "Frankfurt-Zeilsheim"]
[Date "2018.??.??"]
[Round "2.15"]
[White "Krueger, Till"]
[Black "Bakiev, Diyor"]
[Result "1/2-1/2"]
[WhiteElo "1989"]
[BlackElo "1752"]
[PlyCount "67"]
[EventDate "2018.??.??"]
[EventType "swiss"]
[EventRounds "7"]
[EventCountry "GER"]
[WhiteTeam "SC Nidderau"]
[BlackTeam "SV Ffm-Griesheim"]

1. e4 e5 2. Nf3 Nc6 3. Nc3 Nf6 4. d4 exd4 5. Nxd4 Bb4 6. Nxc6 bxc6 7. Bd3 O-O
8. O-O d5 9. exd5 cxd5 10. h3 h6 11. Qf3 Bb7 12. a3 Bc5 13. b4 Bd4 14. Bd2 Ne4
15. Bxe4 dxe4 16. Qg3 Qd6 17. Qxd6 cxd6 18. Rac1 Bxc3 19. Bxc3 d5 20. Bd4 Ba6
21. Rfd1 Bc4 22. Bc5 Rfe8 23. Re1 f5 24. Bd4 a6 25. Rb1 Rab8 26. g3 Kf7 27. Kg2
g5 28. Be3 Red8 29. c3 Bd3 30. Rbc1 Rg8 31. Kh2 Rg6 32. Rg1 Rbg8 33. Rce1 Rc6
34. Bd4 1/2-1/2

[Event "HEM A-Turnier"]
[Site "Frankfurt-Zeilsheim"]
[Date "2018.??.??"]
[Round "2.16"]
[White "Kuhn, Gerhard"]
[Black "Jayakumar, Nivesh"]
[Result "1/2-1/2"]
[WhiteElo "1982"]
[BlackElo "1687"]
[PlyCount "120"]
[EventDate "2018.??.??"]
[EventType "swiss"]
[EventRounds "7"]
[EventCountry "GER"]
[WhiteTeam "SK Marburg"]
[BlackTeam "SV Ffm-Griesheim"]

1. e4 c5 2. c3 d5 3. exd5 Qxd5 4. d4 cxd4 5. cxd4 Nf6 6. Nf3 h6 7. Nc3 Qd8 8.
Bb5+ Nbd7 9. O-O a6 10. Qa4 e6 11. d5 exd5 12. Rd1 Bc5 13. Nxd5 Kf8 14. Nxf6
axb5 15. Qc2 Qxf6 16. Rxd7 Bxd7 17. Qxc5+ Kg8 18. Be3 Bc6 19. Nd4 Kh7 20. Nxc6
bxc6 21. Bd4 Qg6 22. h4 Rhe8 23. Be3 Qe4 24. a3 Re5 25. Qd6 Rae8 26. Rd1 Rd5
27. Rxd5 cxd5 28. Qd7 Re6 29. g3 Qf3 30. a4 bxa4 31. Qxa4 Rxe3 32. fxe3 Qxg3+
33. Kf1 Qf3+ 34. Ke1 Qxe3+ 35. Kd1 d4 36. Qb5 Qe4 37. Kd2 f5 38. b4 Qe3+ 39.
Kc2 Qc3+ 40. Kd1 Qb3+ 41. Kd2 Qc3+ 42. Kd1 Qf3+ 43. Kd2 Qe4 44. Qd3 Qd5 45. b5
Kg8 46. Ke1 Kf7 47. b6 Ke6 48. Qa6 Qc6 49. Qa2+ Kd7 50. Qf7+ Kc8 51. Qf8+ Kb7
52. Qxg7+ Kxb6 53. Qxd4+ Kc7 54. Qa7+ Kd6 55. Qb8+ Kd5 56. Qb3+ Qc4 57. Qb7+
Kd4 58. Qb6+ Kd3 59. Qb1+ Ke3 60. Qxf5 Qc3+ 1/2-1/2

[Event "HEM A-Turnier"]
[Site "Frankfurt-Zeilsheim"]
[Date "2018.??.??"]
[Round "2.17"]
[White "Chandler, Patrick"]
[Black "Vega Lopez de Nava, Cesar Octavi"]
[Result "1-0"]
[WhiteElo "2143"]
[BlackElo "1949"]
[PlyCount "101"]
[EventDate "2018.??.??"]
[EventType "swiss"]
[EventRounds "7"]
[EventCountry "GER"]
[WhiteTeam "SC Nied"]
[BlackTeam "SC Flörsheim"]

1. d4 Nf6 2. Bf4 d5 3. e3 e6 4. Bd3 Bd6 5. Ne2 O-O 6. Nd2 b6 7. c3 Bb7 8. O-O
c5 9. Nf3 Bxf4 10. exf4 Ba6 11. Ne5 Bxd3 12. Qxd3 Qd6 13. a3 Nc6 14. Rad1 c4
15. Qh3 Ne7 16. Rfe1 b5 17. g4 a5 18. g5 Nd7 19. Ng3 g6 20. Ng4 b4 21. Nf6+
Nxf6 22. gxf6 Nf5 23. Re5 Kh8 24. axb4 axb4 25. Kh1 bxc3 26. bxc3 Rg8 27. Rg1
Qd8 28. Nxf5 gxf5 29. Rg5 Qxf6 30. Qh4 Rg6 31. Re1 Rag8 32. Reg1 h6 33. Qh5
R8g7 34. R5g3 Kh7 35. h3 Qd8 36. Kh2 Qb8 37. Qf3 Qb2 38. R1g2 Qd2 39. h4 Qd3
40. Qxd3 cxd3 41. Rg1 Rg4 42. Kh3 d2 43. Rd1 Rxf4 44. Rxd2 h5 45. f3 f6 46.
Rxg7+ Kxg7 47. Kg3 e5 48. Ra2 Kf7 49. Ra6 Ke7 50. Rc6 Kd7 51. Rxf6 1-0

[Event "HEM A-Turnier"]
[Site "Frankfurt-Zeilsheim"]
[Date "2018.??.??"]
[Round "2.18"]
[White "Rolf, Marco"]
[Black "Feicht, Arno"]
[Result "1-0"]
[WhiteElo "2069"]
[BlackElo "1929"]
[PlyCount "77"]
[EventDate "2018.??.??"]
[EventType "swiss"]
[EventRounds "7"]
[EventCountry "GER"]
[WhiteTeam "SK Gernsheim"]
[BlackTeam "SV Alsfeld"]

1. d4 Nf6 2. c4 g6 3. Nc3 Bg7 4. e4 d6 5. Be2 O-O 6. Be3 c5 7. d5 a6 8. a4 h6
9. h3 e6 10. Nf3 exd5 11. cxd5 Nbd7 12. O-O Rb8 13. Nd2 Re8 14. Qc2 Qe7 15. Bf4
Nf8 16. Rfe1 g5 17. Bg3 Ng6 18. Nc4 Rd8 19. a5 Kh8 20. Rad1 g4 21. hxg4 Bxg4
22. f3 Nh5 23. Bf2 Bc8 24. Bf1 Ngf4 25. e5 Qg5 26. Ne4 Qg6 27. Bh4 Bf5 28.
Ncxd6 Rxd6 29. exd6 Bd4+ 30. Rxd4 cxd4 31. Qc7 Rg8 32. Kf2 Nxg2 33. d7 Ngf4 34.
Bg5 Ne6 35. dxe6 Bxe4 36. d8=Q Rxd8 37. Qxd8+ Kh7 38. exf7 Qc6 39. f8=Q 1-0

[Event "HEM A-Turnier"]
[Site "Frankfurt-Zeilsheim"]
[Date "2018.??.??"]
[Round "2.19"]
[White "Calvi, Stefan"]
[Black "Hemmerich, Luca"]
[Result "0-1"]
[WhiteElo "2050"]
[BlackElo "1896"]
[PlyCount "58"]
[EventDate "2018.??.??"]
[EventType "swiss"]
[EventRounds "7"]
[EventCountry "GER"]
[WhiteTeam "SF Frankfurt"]
[BlackTeam "SC Tornado Wuppertal"]

1. e4 c5 2. c3 d5 3. exd5 Qxd5 4. d4 Nf6 5. Nf3 Bg4 6. dxc5 Qxc5 7. Na3 Nbd7 8.
Be3 Qc8 9. Be2 e5 10. Qb3 Be7 11. Nc4 Qc7 12. h3 Be6 13. Qa4 O-O 14. O-O Nd5
15. Ng5 Bf5 16. Rfd1 N7b6 17. Bxb6 Nxb6 18. Qa5 Bxg5 19. Nd6 Be6 20. c4 Be7 21.
c5 Nd5 22. Qxc7 Nxc7 23. Nxb7 Rab8 24. c6 Bd5 25. Bf3 e4 26. Bxe4 Bxe4 27. Rd7
Bxc6 28. Rxc7 Rxb7 29. Rxc6 Bf6 0-1

[Event "HEM A-Turnier"]
[Site "Frankfurt-Zeilsheim"]
[Date "2018.??.??"]
[Round "2.20"]
[White "Kempf, Alexander"]
[Black "Wachsmann, Dietmar"]
[Result "0-1"]
[WhiteElo "1862"]
[BlackElo "2026"]
[PlyCount "64"]
[EventDate "2018.??.??"]
[EventType "swiss"]
[EventRounds "7"]
[EventCountry "GER"]
[WhiteTeam "1. Hainstadter SC"]
[BlackTeam "SC Groß-Umstadt"]

1. d4 d5 2. Bf4 Nf6 3. e3 e6 4. Nd2 Bd6 5. Bg3 O-O 6. f4 b6 7. Ngf3 c5 8. c3
Bb7 9. Ne5 Ne4 10. Nxe4 dxe4 11. Qh5 cxd4 12. exd4 Qc7 13. Qg4 f5 14. Qh5 Nd7
15. Bb5 Nf6 16. Qe2 Nd5 17. O-O a6 18. Ba4 b5 19. Bb3 Rac8 20. a4 Bxe5 21. fxe5
Bc6 22. Rfc1 Qb6 23. axb5 axb5 24. Ra3 f4 25. Bh4 f3 26. Qxe4 Nf4 27. Qc2 fxg2
28. Bxe6+ Nxe6 29. Qb3 Kh8 30. Qxe6 Rf1+ 31. Rxf1 gxf1=Q+ 32. Kxf1 Bg2+ 0-1

[Event "HEM A-Turnier"]
[Site "Frankfurt-Zeilsheim"]
[Date "2018.??.??"]
[Round "2.21"]
[White "Haack, Kevin"]
[Black "Bethke, Robert"]
[Result "1/2-1/2"]
[WhiteElo "1846"]
[BlackElo "1894"]
[PlyCount "50"]
[EventDate "2018.??.??"]
[EventType "swiss"]
[EventRounds "7"]
[EventCountry "GER"]
[WhiteTeam "SC Bad Soden"]
[BlackTeam "SF Neuberg"]

1. d4 d5 2. Bf4 Nf6 3. e3 e6 4. Bd3 Bd6 5. Bg3 O-O 6. Nf3 b6 7. Nbd2 Bb7 8. c3
c5 9. b3 Nc6 10. O-O Rc8 11. Rc1 Bxg3 12. hxg3 Qd6 13. Re1 Rfd8 14. Qe2 g6 15.
Ba6 Rc7 16. Bxb7 Rxb7 17. e4 dxe4 18. Nxe4 Nxe4 19. Qxe4 Rbd7 20. Rcd1 Qc7 21.
Qh4 Kg7 22. Ng5 h6 23. Ne4 cxd4 24. Qf6+ Kh7 25. Qh4 Kg7 1/2-1/2

[Event "HEM A-Turnier"]
[Site "Frankfurt-Zeilsheim"]
[Date "2018.??.??"]
[Round "2.22"]
[White "Blaschke, Henri Johannes"]
[Black "Kuhn, Luis"]
[Result "1-0"]
[WhiteElo "1814"]
[BlackElo "1974"]
[PlyCount "103"]
[EventDate "2018.??.??"]
[EventType "swiss"]
[EventRounds "7"]
[EventCountry "GER"]
[WhiteTeam "SK Vellmar"]
[BlackTeam "SC Flörsheim"]

1. d4 Nf6 2. c4 e6 3. g3 d5 4. Nf3 Be7 5. Bg2 O-O 6. Qc2 a6 7. Nbd2 Nc6 8. O-O
Nb4 9. Qb3 dxc4 10. Nxc4 b5 11. Nce5 Bb7 12. a3 Bd5 13. Qd1 Nc6 14. Bf4 Nxe5
15. Bxe5 Nd7 16. Bf4 c5 17. dxc5 Nxc5 18. Rc1 Rc8 19. Be5 f6 20. Bd4 e5 21. Be3
Bc4 22. Nd2 Bd5 23. Nf3 Qd6 24. Bxc5 Rxc5 25. Rxc5 Qxc5 26. Qd2 Rd8 27. Rc1 Bc4
28. Qc2 Qb6 29. Nh4 Bf8 30. Nf3 a5 31. h4 a4 32. Nh2 Qd6 33. Ng4 Qd2 34. Ne3
Bxe2 35. Bd5+ Rxd5 36. Nxd5 Qxd5 37. Qxe2 Bc5 38. Qc2 Bd4 39. Qc8+ Kf7 40. Rc7+
Kg6 41. Qg4+ Kh6 42. Qxg7+ Kh5 43. Qxh7+ Kg4 44. Qg6+ Kf3 45. Qf5+ Ke2 46. Rc2+
Ke1 47. Qg4 Bxf2+ 48. Rxf2 Qd3 49. Qb4+ Kd1 50. Qc3 e4 51. Rf1+ Ke2 52. Qe1#
1-0

[Event "HEM A-Turnier"]
[Site "Frankfurt-Zeilsheim"]
[Date "2018.??.??"]
[Round "2.23"]
[White "Bajorski, Leszek"]
[Black "Lukas, Anne"]
[Result "1-0"]
[WhiteElo "1970"]
[BlackElo "1857"]
[PlyCount "45"]
[EventDate "2018.??.??"]
[EventType "swiss"]
[EventRounds "7"]
[EventCountry "GER"]
[WhiteTeam "SV Hofheim"]
[BlackTeam "SK Gernsheim"]

1. e4 c5 2. Nf3 g6 3. d4 cxd4 4. Nxd4 Bg7 5. Be2 Nc6 6. Nb3 Nf6 7. Nc3 O-O 8.
O-O d6 9. Bg5 a6 10. f4 b5 11. Bf3 Bb7 12. Qe1 Qb6+ 13. Kh1 Nb4 14. Qe2 Qc7 15.
a3 Nc6 16. Nd5 Qd7 17. Nb6 Qc7 18. Nxa8 Bxa8 19. c3 Qb6 20. Rad1 a5 21. e5 dxe5
22. fxe5 Nxe5 23. Bxa8 1-0

[Event "HEM A-Turnier"]
[Site "Frankfurt-Zeilsheim"]
[Date "2018.??.??"]
[Round "2.24"]
[White "Weil, Michael"]
[Black "Froehlich Dill, Astrid"]
[Result "1/2-1/2"]
[WhiteElo "1957"]
[BlackElo "1866"]
[PlyCount "63"]
[EventDate "2018.??.??"]
[EventType "swiss"]
[EventRounds "7"]
[EventCountry "GER"]
[WhiteTeam "SC Steinbach"]
[BlackTeam "SV Hofheim"]

1. d4 Nf6 2. Nf3 e6 3. e3 c5 4. c3 b6 5. Nbd2 Bb7 6. Bd3 Nc6 7. O-O cxd4 8.
exd4 d5 9. Ne5 Bd6 10. f4 O-O 11. Qf3 Qc7 12. Qh3 Ne7 13. Re1 Ng6 14. Ndf3 Rfe8
15. Ng5 Re7 16. g4 Nf8 17. Qh4 h6 18. Nh3 Ne4 19. Nf2 f6 20. Nf3 Bxf4 21. Nxe4
dxe4 22. Bxe4 Bxe4 23. Rxe4 Ng6 24. Qe1 Rae8 25. Bxf4 Nxf4 26. Qe3 Nd5 27. Qd2
f5 28. gxf5 exf5 29. Rxe7 Qxe7 30. Ne5 Qh4 31. Rf1 f4 32. Qf2 1/2-1/2

[Event "HEM A-Turnier"]
[Site "Frankfurt-Zeilsheim"]
[Date "2018.??.??"]
[Round "3.1"]
[White "Leidorf, Sebastian"]
[Black "Stock, Juergen"]
[Result "1-0"]
[WhiteElo "2100"]
[BlackElo "1927"]
[PlyCount "57"]
[EventDate "2018.??.??"]
[EventType "swiss"]
[EventRounds "7"]
[EventCountry "GER"]
[WhiteTeam "SV Bergwinkel"]
[BlackTeam "Sfr. Kelkheim"]

1. c4 e6 2. g3 f5 3. Bg2 Nf6 4. Nf3 Be7 5. O-O O-O 6. Nc3 a6 7. d3 Nc6 8. a3
Qe8 9. b4 Nd8 10. e4 fxe4 11. dxe4 d6 12. e5 Nd7 13. Bf4 Nf7 14. exd6 cxd6 15.
Ne4 e5 16. Bg5 Nb6 17. c5 d5 18. Bxe7 Qxe7 19. cxb6 dxe4 20. Nd2 e3 21. fxe3
Qe6 22. Qb3 Qxb3 23. Nxb3 Be6 24. Nc5 Bc4 25. Rfc1 Nd6 26. Nxb7 Nxb7 27. Rxc4
Nd6 28. Bxa8 Nxc4 29. Bd5+ 1-0

[Event "HEM A-Turnier"]
[Site "Frankfurt-Zeilsheim"]
[Date "2018.??.??"]
[Round "3.2"]
[White "Bajorski, Marius"]
[Black "Nagelsdiek, Ralf"]
[Result "1-0"]
[WhiteElo "1911"]
[BlackElo "2004"]
[PlyCount "111"]
[EventDate "2018.??.??"]
[EventType "swiss"]
[EventRounds "7"]
[EventCountry "GER"]
[WhiteTeam "SV Hofheim"]
[BlackTeam "SC Bad Soden"]

1. e4 c5 2. Nf3 d6 3. Bb5+ Bd7 4. c4 Nf6 5. Nc3 g6 6. d4 cxd4 7. Nxd4 Bg7 8.
O-O O-O 9. Re1 a6 10. Bxd7 Nbxd7 11. b3 Re8 12. Bb2 Ng4 13. Qxg4 Bxd4 14. Rad1
Ne5 15. Qe2 Nc6 16. Nd5 e5 17. Rd3 Bxb2 18. Qxb2 b5 19. Rc1 Nd4 20. cxb5 axb5
21. Nc7 Rc8 22. Rdc3 Rf8 23. Nxb5 Rxc3 24. Nxc3 Qg5 25. Kf1 f5 26. exf5 Qxf5
27. Qd2 Rc8 28. Ne2 Rxc1+ 29. Qxc1 Qd3 30. Qc4+ Qxc4 31. bxc4 Nc6 32. Nc1 Na5
33. c5 dxc5 34. Nd3 c4 35. Nxe5 Kg7 36. Ke2 Kf6 37. Nd7+ Ke7 38. Nc5 Kd6 39.
Ne4+ Ke5 40. Ke3 h6 41. h4 Nc6 42. g4 Ke6 43. f4 h5 44. gxh5 gxh5 45. Ng3 c3
46. a3 c2 47. Kd2 Nd4 48. a4 Kd5 49. f5 Kc4 50. f6 Kb3 51. f7 Kb2 52. Ne2 Nxe2
53. f8=Q c1=Q+ 54. Kxe2 Qc4+ 55. Ke3 Qxh4 56. Qf2+ 1-0

[Event "HEM A-Turnier"]
[Site "Frankfurt-Zeilsheim"]
[Date "2018.??.??"]
[Round "3.3"]
[White "Thomas, Norbert"]
[Black "Leimeister, Erhard"]
[Result "1/2-1/2"]
[WhiteElo "2017"]
[BlackElo "2214"]
[PlyCount "107"]
[EventDate "2018.??.??"]
[EventType "swiss"]
[EventRounds "7"]
[EventCountry "GER"]
[WhiteTeam "SC Frankfurt-West"]
[BlackTeam "SC Eschborn"]

1. d4 Nf6 2. Nf3 g6 3. g3 Bg7 4. Bg2 O-O 5. O-O d6 6. c4 Nc6 7. Nc3 a6 8. h3
Bd7 9. b3 Rb8 10. a4 e5 11. d5 Nd4 12. Ne1 Nf5 13. a5 h5 14. Bb2 c5 15. dxc6
bxc6 16. e3 Qc7 17. Nf3 Rfd8 18. Nd2 Be6 19. Qc2 d5 20. Ne2 d4 21. exd4 Nxd4
22. Nxd4 exd4 23. Qd1 c5 24. Re1 h4 25. g4 Nh7 26. Ra3 Ng5 27. Bc1 Re8 28. Nf1
Nh7 29. f4 Bd7 30. Bd2 Bc6 31. Nh2 Nf6 32. Bxc6 Qxc6 33. Qf3 Ne4 34. Bc1 f5 35.
gxf5 gxf5 36. Ra2 Re6 37. Rg2 Rg6 38. Ng4 fxg4 39. Qxe4 Qxe4 40. Rxe4 Rxb3 41.
f5 Rb1 42. Re1 Rg5 43. hxg4 h3 44. Rg3 Be5 45. Rxe5 Rxc1+ 46. Kh2 Rxc4 47. Kxh3
Kf7 48. Kh4 Rg8 49. Rb3 d3 50. Rxd3 Rcxg4+ 51. Kh3 c4 52. Rc3 Kf6 53. Rc5 Rg2
54. R5xc4 1/2-1/2

[Event "HEM A-Turnier"]
[Site "Frankfurt-Zeilsheim"]
[Date "2018.??.??"]
[Round "3.4"]
[White "Will, Dominik"]
[Black "Fucik, Timo"]
[Result "1-0"]
[WhiteElo "2135"]
[BlackElo "2024"]
[PlyCount "81"]
[EventDate "2018.??.??"]
[EventType "swiss"]
[EventRounds "7"]
[EventCountry "GER"]
[WhiteTeam "SC Bad Nauheim"]
[BlackTeam "SK Ettlingen"]

1. Nf3 d5 2. g3 Nf6 3. Bg2 c6 4. O-O Bg4 5. b3 Nbd7 6. Bb2 h5 7. h4 Qc7 8. d3
e5 9. Ng5 Bc5 10. Qe1 Nh7 11. Nxh7 Rxh7 12. b4 Qb6 13. Ba3 Be7 14. e4 dxe4 15.
Bxe4 f5 16. Bg2 Qd4 17. c3 Qb6 18. b5 Bxa3 19. Nxa3 Qc5 20. bxc6 bxc6 21. Nc4
O-O-O 22. Rb1 g5 23. hxg5 h4 24. Qe3 Qxe3 25. Nxe3 Be2 26. Rfe1 Bxd3 27. Rbd1
Nc5 28. Nxf5 Bxf5 29. Rxd8+ Kxd8 30. Rxe5 hxg3 31. fxg3 Be4 32. Rxc5 Bxg2 33.
Kxg2 Kd7 34. Rf5 Ke6 35. g4 Rd7 36. Kg3 Rd3+ 37. Rf3 Rd2 38. g6 Rd8 39. Kh4 c5
40. Kg5 c4 41. g7 1-0

[Event "HEM A-Turnier"]
[Site "Frankfurt-Zeilsheim"]
[Date "2018.??.??"]
[Round "3.5"]
[White "Keuth, Gerd Erich"]
[Black "Flach, Erich"]
[Result "1/2-1/2"]
[WhiteElo "1999"]
[BlackElo "2127"]
[PlyCount "49"]
[EventDate "2018.??.??"]
[EventType "swiss"]
[EventRounds "7"]
[EventCountry "GER"]
[WhiteTeam "SK Herborn"]
[BlackTeam "SK Langen"]

1. c4 c5 2. Nf3 Nf6 3. d4 cxd4 4. Nxd4 b6 5. Nc3 Bb7 6. f3 e6 7. e4 d6 8. Be3
a6 9. Be2 Nbd7 10. O-O Be7 11. Qd2 Qc7 12. b3 O-O 13. Rad1 Rfe8 14. Bf2 Rac8
15. Na4 d5 16. cxd5 exd5 17. Rc1 Qb8 18. Nf5 Bf8 19. Bg3 Qa7 20. exd5 Bxd5 21.
Nc3 b5+ 22. Bf2 Qb7 23. Nxd5 Qxd5 24. Qxd5 Nxd5 25. Bd3 1/2-1/2

[Event "HEM A-Turnier"]
[Site "Frankfurt-Zeilsheim"]
[Date "2018.??.??"]
[Round "3.6"]
[White "Gries, Volker"]
[Black "Waffenschmidt, Joachim"]
[Result "1/2-1/2"]
[WhiteElo "2084"]
[BlackElo "1995"]
[PlyCount "44"]
[EventDate "2018.??.??"]
[EventType "swiss"]
[EventRounds "7"]
[EventCountry "GER"]
[WhiteTeam "SV Oberursel"]
[BlackTeam "SC Brett vorm Kopp"]

1. e4 e6 2. d3 c5 3. Nf3 b6 4. g3 Bb7 5. Bg2 d6 6. O-O Nf6 7. b3 Be7 8. Bb2 O-O
9. Nbd2 Nc6 10. Re1 b5 11. e5 Nxe5 12. Nxe5 Bxg2 13. Kxg2 dxe5 14. Bxe5 Nd5 15.
Ne4 f6 16. Bb2 f5 17. Nd2 Bf6 18. Bxf6 Qxf6 19. Qe2 Rae8 20. Qe5 f4 21. Qxf6
gxf6 22. a3 fxg3 1/2-1/2

[Event "HEM A-Turnier"]
[Site "Frankfurt-Zeilsheim"]
[Date "2018.??.??"]
[Round "3.7"]
[White "Muth, Andreas"]
[Black "Sever, Mustafa Batuhan"]
[Result "1/2-1/2"]
[WhiteElo "2042"]
[BlackElo "1960"]
[PlyCount "59"]
[EventDate "2018.??.??"]
[EventType "swiss"]
[EventRounds "7"]
[EventCountry "GER"]
[WhiteTeam "Sfr. Wieseck"]
[BlackTeam "SV Großauheim"]

1. d4 f5 2. Nf3 Nf6 3. c4 g6 4. g3 Bg7 5. Bg2 O-O 6. O-O d6 7. Nc3 c6 8. d5 e5
9. dxe6 Bxe6 10. Qd3 Nbd7 11. Ng5 Ne5 12. Nxe6 Qe7 13. Qc2 Qxe6 14. b3 Rad8 15.
Bb2 Rfe8 16. Rad1 Ned7 17. Rd2 Nc5 18. Rfd1 Nce4 19. Nxe4 fxe4 20. e3 d5 21.
Bxf6 Bxf6 22. cxd5 cxd5 23. Qc5 b6 24. Qb5 d4 25. exd4 Rd5 26. Qe2 Red8 27.
Qxe4 Qxe4 28. Bxe4 Rxd4 29. Rxd4 Rxd4 30. Rxd4 1/2-1/2

[Event "HEM A-Turnier"]
[Site "Frankfurt-Zeilsheim"]
[Date "2018.??.??"]
[Round "3.8"]
[White "Meyer, Kai Christian"]
[Black "Ochs, Daniel Elias"]
[Result "1-0"]
[WhiteElo "2203"]
[BlackElo "1633"]
[PlyCount "93"]
[EventDate "2018.??.??"]
[EventType "swiss"]
[EventRounds "7"]
[EventCountry "GER"]
[WhiteTeam "SF Schöneck"]
[BlackTeam "Wiesbadener SV"]

1. c4 e5 2. Nc3 Nf6 3. g3 Bc5 4. Bg2 Nc6 5. d3 d6 6. Nf3 O-O 7. O-O Be6 8. Na4
Bb6 9. a3 Qc8 10. Bg5 Nh5 11. Rc1 h6 12. Bd2 Nd4 13. Nxb6 axb6 14. Nxd4 exd4
15. e3 Bg4 16. Bf3 Bxf3 17. Qxf3 dxe3 18. Bxe3 Nf6 19. Bxh6 Ra5 20. Bd2 Rf5 21.
Qg2 Ng4 22. f3 Ne5 23. d4 Nc6 24. Qf2 Rf6 25. Bc3 d5 26. cxd5 Ne7 27. Bb4 Re8
28. d6 Nd5 29. dxc7 Rfe6 30. Rfe1 Rxe1+ 31. Rxe1 Rxe1+ 32. Qxe1 Nxc7 33. Qe5
Qd7 34. Qd6 Qxd6 35. Bxd6 Nd5 36. a4 f6 37. Kf2 Kf7 38. Ke2 Ke6 39. Bf8 g6 40.
Kd3 Kd7 41. h4 Nc7 42. g4 Nd5 43. Kc4 Ke6 44. h5 gxh5 45. gxh5 Nc7 46. h6 Kf7
47. h7 1-0

[Event "HEM A-Turnier"]
[Site "Frankfurt-Zeilsheim"]
[Date "2018.??.??"]
[Round "3.9"]
[White "Kuhn, Gerhard"]
[Black "Chandler, Patrick"]
[Result "1/2-1/2"]
[WhiteElo "1982"]
[BlackElo "2143"]
[PlyCount "128"]
[EventDate "2018.??.??"]
[EventType "swiss"]
[EventRounds "7"]
[EventCountry "GER"]
[WhiteTeam "SK Marburg"]
[BlackTeam "SC Nied"]

1. e4 Nc6 2. Nf3 d6 3. d4 Nf6 4. Nc3 Bg4 5. Be2 e6 6. Be3 d5 7. e5 Nd7 8. O-O
Be7 9. h3 Bf5 10. Bd3 Bxd3 11. Qxd3 a6 12. Ne2 Nb4 13. Qd1 c5 14. c3 Nc6 15.
Nf4 b5 16. Qe2 h5 17. dxc5 Nxc5 18. Nd4 Nxe5 19. Nxh5 g6 20. Ng3 Qc8 21. f4 Nc4
22. Bc1 Nd6 23. Nb3 Nce4 24. Nxe4 Nxe4 25. Qd3 Qc4 26. Qf3 Bh4 27. Be3 Ng3 28.
Rfd1 Qe4 29. Qxe4 Nxe4 30. Nd2 Nd6 31. a4 Kd7 32. Bd4 Rhc8 33. Nf3 Be7 34. Ne5+
Ke8 35. Ra2 Ne4 36. axb5 axb5 37. Rda1 Rxa2 38. Rxa2 b4 39. cxb4 Bxb4 40. Ra7
Nd6 41. Nd3 Bd2 42. Ra1 Nb5 43. Bf6 Be3+ 44. Kf1 Nd6 45. Ke2 d4 46. Kf3 Nc4 47.
Ra4 Nb6 48. Ra7 Nd5 49. Be5 f6 50. Bd6 Rc2 51. Kg3 Rc6 52. Ba3 g5 53. fxg5 Bxg5
54. h4 Be3 55. h5 Rc7 56. Rxc7 Nxc7 57. Bd6 Nb5 58. Bf4 Kf8 59. Kf3 e5 60. Bxe5
fxe5 61. Nxe5 Nd6 62. Ke2 Ne4 63. Nf3 Bg1 64. Nxd4 Bxd4 1/2-1/2

[Event "HEM A-Turnier"]
[Site "Frankfurt-Zeilsheim"]
[Date "2018.??.??"]
[Round "3.10"]
[White "Reinecke, Katharina"]
[Black "Finke, Kai"]
[Result "1/2-1/2"]
[WhiteElo "1905"]
[BlackElo "2054"]
[PlyCount "81"]
[EventDate "2018.??.??"]
[EventType "swiss"]
[EventRounds "7"]
[EventCountry "GER"]
[WhiteTeam "SK Langen"]
[BlackTeam "SG Porz"]

1. d4 Nf6 2. c4 g6 3. Nf3 Bg7 4. g3 c6 5. Bg2 d5 6. O-O O-O 7. e3 Ne4 8. b3 Nd7
9. Bb2 f5 10. Nbd2 e6 11. Qe2 g5 12. Ne1 Nxd2 13. Qxd2 g4 14. Nd3 Nf6 15. Nf4
Ne4 16. Qe2 Qg5 17. h4 gxh3 18. Nxh3 Qe7 19. Nf4 Bd7 20. Rac1 Be8 21. a3 a5 22.
b4 axb4 23. axb4 Bd7 24. cxd5 exd5 25. b5 Ra2 26. Rc2 Qb4 27. Rfc1 Rfa8 28.
bxc6 bxc6 29. Nd3 Qb5 30. Ne5 Qxe2 31. Rxe2 Bxe5 32. dxe5 Rb8 33. Rcc2 c5 34.
Bxe4 fxe4 35. Bc3 Rb1+ 36. Kh2 Ra6 37. Re1 Rh6+ 38. Kg1 Rbb6 39. Ba5 Rbc6 40.
Bd8 Bg4 41. Rd2 1/2-1/2

[Event "HEM A-Turnier"]
[Site "Frankfurt-Zeilsheim"]
[Date "2018.??.??"]
[Round "3.11"]
[White "Schmitt, Carsten"]
[Black "Rolf, Marco"]
[Result "0-1"]
[WhiteElo "1957"]
[BlackElo "2069"]
[PlyCount "54"]
[EventDate "2018.??.??"]
[EventType "swiss"]
[EventRounds "7"]
[EventCountry "GER"]
[WhiteTeam "SV Bergwinkel"]
[BlackTeam "SK Gernsheim"]

1. c4 e5 2. g3 Nc6 3. Bg2 f5 4. Nc3 Nf6 5. e3 d5 6. cxd5 Nb4 7. d3 c6 8. dxc6
Nxd3+ 9. Kf1 e4 10. f3 Bb4 11. fxe4 fxe4 12. cxb7 Bxb7 13. Qa4+ Nd7 14. Nh3
O-O+ 15. Kg1 N7e5 16. Nf4 Rxf4 17. gxf4 Qh4 18. Qc2 Qe1+ 19. Bf1 Nf3+ 20. Kg2
Nh4+ 21. Kg1 Nf3+ 22. Kg2 Qh4 23. Qb3+ Kh8 24. Bxd3 exd3 25. e4 Bc5 26. Qe6
Qf2+ 27. Kh3 Bc8 0-1

[Event "HEM A-Turnier"]
[Site "Frankfurt-Zeilsheim"]
[Date "2018.??.??"]
[Round "3.12"]
[White "Syed, Tareq"]
[Black "Bajorski, Leszek"]
[Result "1-0"]
[WhiteElo "2051"]
[BlackElo "1970"]
[PlyCount "73"]
[EventDate "2018.??.??"]
[EventType "swiss"]
[EventRounds "7"]
[EventCountry "GER"]
[WhiteTeam "SC Brett vorm Kopp"]
[BlackTeam "SV Hofheim"]

1. d3 c6 2. g3 d5 3. Bg2 Nf6 4. Nd2 e5 5. e3 Bd6 6. b3 O-O 7. Bb2 Re8 8. Ne2
Nbd7 9. O-O Nf8 10. a3 g5 11. Qb1 Bg4 12. Re1 Ng6 13. Qa2 h5 14. Rad1 h4 15.
Qa1 hxg3 16. hxg3 Kg7 17. c4 Re7 18. Rc1 Qh8 19. f3 Bh3 20. Kf2 Bxg2 21. Kxg2
g4 22. Rh1 gxf3+ 23. Nxf3 Qc8 24. cxd5 Nxd5 25. Kf2 Nf6 26. Nf4 Qf5 27. e4 Qd7
28. Nxg6 Ng4+ 29. Ke2 fxg6 30. Rh4 Rh8 31. Rch1 Rxh4 32. Rxh4 Kf6 33. b4 g5 34.
Rh5 Rg7 35. Qc1 Qc7 36. Rxg5 Rh7 37. Rxg4 1-0

[Event "HEM A-Turnier"]
[Site "Frankfurt-Zeilsheim"]
[Date "2018.??.??"]
[Round "3.13"]
[White "Wachsmann, Dietmar"]
[Black "Ullmann, Ralf"]
[Result "1-0"]
[WhiteElo "2026"]
[BlackElo "1910"]
[PlyCount "65"]
[EventDate "2018.??.??"]
[EventType "swiss"]
[EventRounds "7"]
[EventCountry "GER"]
[WhiteTeam "SC Groß-Umstadt"]
[BlackTeam "SC Eschwege"]

1. d4 g6 2. e4 Bg7 3. c4 c5 4. d5 d6 5. Qc2 b5 6. cxb5 a6 7. Bd2 axb5 8. Bxb5+
Bd7 9. Bxd7+ Nxd7 10. Bc3 Ngf6 11. Nf3 O-O 12. O-O Qb6 13. Na3 Rfb8 14. Nc4 Qb5
15. Nfd2 Ra7 16. a4 Qa6 17. a5 Rab7 18. h3 Rb5 19. f4 R5b7 20. Qd3 Ne8 21. Bxg7
Kxg7 22. e5 Rb4 23. Rae1 Kg8 24. Qe4 Qb7 25. Nf3 Qa6 26. Nfd2 Qb7 27. g4 Nc7
28. exd6 exd6 29. Qe7 Nxd5 30. Qxd6 N5f6 31. Re7 Qc8 32. g5 Nb6 33. Qxf6 1-0

[Event "HEM A-Turnier"]
[Site "Frankfurt-Zeilsheim"]
[Date "2018.??.??"]
[Round "3.14"]
[White "Kuerschner, Matthias"]
[Black "Blaschke, Henri Johannes"]
[Result "1-0"]
[WhiteElo "2021"]
[BlackElo "1814"]
[PlyCount "75"]
[EventDate "2018.??.??"]
[EventType "swiss"]
[EventRounds "7"]
[EventCountry "GER"]
[WhiteTeam "SK Langen"]
[BlackTeam "SK Vellmar"]

1. d4 Nf6 2. c4 e6 3. Nf3 b6 4. e3 Bb7 5. Be2 Be7 6. O-O O-O 7. Nc3 d5 8. b3
Na6 9. Bb2 Rc8 10. cxd5 exd5 11. Ne5 c5 12. Nb5 Ra8 13. Rc1 Nc7 14. Qc2 Ne6 15.
Rfd1 a6 16. Nc3 Rc8 17. Qf5 cxd4 18. exd4 Qd6 19. Nf3 Rc7 20. Bf1 Bc8 21. Qb1
Qf4 22. Ne2 Rxc1 23. Rxc1 Qd6 24. Ne5 Bb7 25. h3 Ne4 26. Qd3 Bg5 27. Rc2 Rc8
28. Rxc8+ Bxc8 29. Bc1 Bxc1 30. Nxc1 Qc7 31. Ne2 f6 32. Ng4 N6g5 33. Ne3 f5 34.
Nxd5 Qb7 35. Nef4 Nxh3+ 36. gxh3 g5 37. Qc4 Kh8 38. Ne7 1-0